000 00290nam a22001337a 4500
008 190225b xxu||||| |||| 00| 0 eng d
020 _a9780195097832
041 _aeng
080 _22nd
_a371
100 _a25
101 _aEDU
245 _aDoing Grammar
_cMorenberg, M
942 _2udc
_cBK
999 _c54196
_d54196